Co kładziesz blisko łóżka, kiedy jesteś chory? - Statystyki

Ogólne statystyki
  • Ten quiz został rozwiązany 27 razy
  • Średni wynik to 3 z 7
Statystyki odpowiedzi
Hint Odpowiedź % Poprawnych
6. Chusteczki
79%
1. Telefon
71%
5. Termometr
67%
3. Wodę
54%
4. Lekarstwa
46%
2. Pilota
13%
7. Konsolę | Kontroler
0%
Nie znaleziono quizów pasujących do podanych kryteriów
Rozkład punktacji
Procent ludzi z każdym wynikiem
Percentyl według liczby udzielonych odpowiedzi
Twoja historia wyników
Nie rozwiązałeś tego quizu